| 000 | 01107nam a22002417a 4500 | ||
|---|---|---|---|
| 001 | 84578 | ||
| 003 | BD-RjUL | ||
| 005 | 20250109103714.0 | ||
| 008 | 250106s2004 bg ||||| e||| 001 0 ben d | ||
| 035 | _a(BD-RjUL)84578 | ||
| 040 |
_aBD-RjUL _bben _cBD-RjUL |
||
| 041 | _aben | ||
| 082 |
_223 _a297.03 _bISL 2004 |
||
| 245 |
_aসংক্ষিপ্ত ইসলামী বিশ্বকোষ / _cসম্পাদনা পরিষদ কতৃর্ক সংকলিত ও সম্পাদিত |
||
| 250 | _aদ্বিতীয় সংস্করন | ||
| 260 |
_aঢাকা : _bইসলামী বিশ্বকোষ প্রকল্প, ইসলামিক ফাউন্ডেশন বাংলাদেশ, _c২০০৪-২০০৫ |
||
| 300 |
_aখন্ড ; _c২৮ সেমি. |
||
| 504 | _aগ্রন্থপঞ্জি ও সূচী অন্তর্ভুক্ত. | ||
| 505 | 0 | _a১ম খন্ড, ২য় খন্ড, | |
| 650 |
_aIslam _vEncyclopedias _914756 |
||
| 650 |
_aIslam _zBangladesh _vEncyclopedias. _914757 |
||
| 942 |
_2ddc _cBK |
||
| 999 |
_c84578 _d84578 |
||